[Event "Bucaramanga Udi Cup"]
[Site "Bucaramanga"]
[Date "2014.10.17"]
[Round "5"]
[White "Cardenas Rodriguez, Danilo"]
[Black "Duran, Maria Camila"]
[Result "0-1"]
[WhiteElo "1379"]
[BlackElo "1557"]
[PlyCount "38"]
[EventDate "2014.10.15"]
[EventType "swiss"]
[EventRounds "9"]
[EventCountry "COL"]
[SourceTitle "EXT 2015"]
[Source "ChessBase"]
[SourceDate "2014.11.20"]
[SourceVersion "1"]
[SourceVersionDate "2014.11.20"]
[SourceQuality "1"]

1. d4 d5 2. e3 Nf6 3. Nf3 e6 4. c4 c6 5. c5 Nbd7 6. b4 b6 7. Bd3 a5 8. Bd2 axb4 9. Bxb4 bxc5 10. dxc5 Nxc5 11. Ne5 Nxd3+ 12. Qxd3 Bxb4+ 13. Nc3 Ba6 14. Qc2 Ne4 15. Nxc6 Bxc3+ 16. Kd1 Qb6 17. Qa4 0-0 18. Ne7+ Kh8 19. Rf1 Be2+ 0-1

[Event "COL-ch Amateur"]
[Site "Colombia"]
[Date "2014.03.13"]
[Round "3"]
[White "Gonzalez Suarez, Nelson"]
[Black "Cardenas Rodriguez, Danilo"]
[Result "1-0"]
[WhiteElo "1558"]
[BlackElo "1358"]
[PlyCount "39"]
[EventDate "2014.03.12"]
[EventType "swiss"]
[EventRounds "9"]
[EventCountry "COL"]
[SourceTitle "CBM 159 Extra"]
[Source "ChessBase"]
[SourceDate "2014.04.24"]
[SourceVersion "1"]
[SourceVersionDate "2014.04.24"]
[SourceQuality "1"]

1. d4 d6 2. e4 g6 3. Nc3 Bg7 4. Bc4 Nd7 5. Qf3 e6 6. d5 e5 7. Nh3 Qf6 8. Qg3 Nb6 9. Bb5+ Bd7 10. Bxd7+ Nxd7 11. Nb5 Qd8 12. Ng5 Ngf6 13. Qc3 Nc5 14. f3 a6 15. Na3 0-0 16. 0-0 Na4 17. Qb3 b5 18. c4 Nb6 19. cxb5 axb5 20. Nxb5 1-0

[Event "Santander UDI Cup"]
[Site "Santander"]
[Date "2013.06.01"]
[Round "3"]
[White "Cardenas Rodriguez, Danilo"]
[Black "Martinez Toloza, Angela Stephania"]
[Result "0-1"]
[WhiteElo "1411"]
[BlackElo "1635"]
[PlyCount "87"]
[EventDate "2013.05.31"]
[EventType "swiss"]
[EventRounds "8"]
[EventCountry "COL"]
[SourceTitle "CBM 154 Extra"]
[Source "ChessBase"]
[SourceDate "2013.06.25"]
[SourceVersion "2"]
[SourceVersionDate "2013.06.25"]
[SourceQuality "1"]

1. d4 d5 2. Nf3 Nc6 3. e3 Nf6 4. c4 e6 5. Nc3 b6 6. Bd3 Bb4 7. Bd2 Bxc3 8. Bxc3 0-0 9. c5 Ne4 10. 0-0 Nxc3 11. bxc3 bxc5 12. dxc5 e5 13. e4 a5 14. exd5 Qxd5 15. Bb5 Qxc5 16. Bxc6 Qxc6 17. Nxe5 Qxc3 18. Nd3 Rd8 19. Rc1 Qxd3 20. Qxd3 Rxd3 21. Rxc7 Be6 22. Re1 Rad8 23. h3 g6 24. Ra7 Rd1 25. Rxd1 Rxd1+ 26. Kh2 Bc4 27. Rxa5 Rd2 28. Kg3 Bxa2 29. Ra8+ Kg7 30. f4 Bd5 31. Rd8 Rxg2+ 32. Kh4 Bf3 33. Rd3 Rf2 34. Kg5 f6+ 35. Kh4 Be2 36. Rg3 Rxf4+ 37. Rg4 Rxg4+ 38. hxg4 Kh6 39. Kg3 f5 40. gxf5 gxf5 41. Kf4 Bd3 42. Ke3 Ba6 43. Kf4 Kg6 44. Ke3 0-1